|
|
|
|
| LEADER |
01314nam a2200325 a 4500 |
| 001 |
18957 |
| 003 |
BD-DhAAL |
| 008 |
090812s1994 cou b 001 0 eng d |
| 010 |
|
|
|a 94017202
|
| 020 |
|
|
|a 0813384869 (alk. paper)
|
| 020 |
|
|
|a 0813384885 (pbk. : alk. paper)
|
| 040 |
|
|
|a DLC
|c DLC
|d DLC
|d BD-DhAAL
|
| 082 |
0 |
0 |
|a 305.42098
|
| 245 |
1 |
4 |
|a The women's movement in Latin America :
|b participation and democracy /
|c edited by Jane S. Jaquette.
|
| 250 |
|
|
|a Second edition.
|
| 260 |
|
|
|a Boulder :
|b Westview Press,
|c 1994.
|
| 300 |
|
|
|a xiv, 257 pages ;
|c 24 cm.
|
| 490 |
0 |
|
|a Thematic studies in Latin America
|
| 504 |
|
|
|a Includes bibliographical references and index.
|
| 541 |
1 |
|
|e 00018957
|
| 650 |
|
0 |
|a Women in politics
|z South America
|x Case studies.
|9 54755
|
| 650 |
|
0 |
|a Feminism
|z South America
|x Case studies.
|9 54756
|
| 650 |
|
0 |
|a Women and democracy.
|9 54757
|
| 651 |
|
0 |
|a South America
|x Politics and government.
|9 54758
|
| 700 |
1 |
|
|a Jaquette, Jane S.,
|d 1942-
|9 54759
|
| 830 |
|
|
|a Thematic studies in Latin America
|9 54760
|
| 852 |
4 |
|
|a Ayesha Abed Library
|c General Stacks
|
| 942 |
|
|
|2 ddc
|c BK
|
| 999 |
|
|
|c 3059
|d 3059
|
| 952 |
|
|
|0 0
|1 0
|2 ddc
|4 0
|6 305_420000000000000_098_WOM
|7 0
|9 2772
|a BIGD
|b BIGD
|c GEN
|d 2009-08-30
|l 0
|o 305.42098 WOM
|p 3050018957
|r 2009-08-30
|t 1
|w 2009-08-30
|y BK
|x Transferred from BDI to BIGD.
|